| 000 | 00681nam a2200217 a 4500 | ||
|---|---|---|---|
| 001 | 51082 | ||
| 003 | BD-RjUL | ||
| 005 | 20211209075616.0 | ||
| 008 | 160829s1953 nyu 000 0 eng d | ||
| 035 | _a(BD-RjUL)51202 | ||
| 040 |
_aBD-RjUL _beng _cBD-RjUL _dBD-RjUL |
||
| 041 | _aeng | ||
| 082 |
_223 _a515.45 _bHEI 1953 |
||
| 100 | 1 |
_aHellinger, E. _9151200 |
|
| 245 | 1 | 0 |
_aIntegralgleichungen und gleichungen mit unerdlichvielen unbekannten / _cE. Hellinger and O. Toeplitz. |
| 260 |
_aNew York : _bChelsea Publishing co., _c1953. |
||
| 300 |
_a1336-1616 p. ; _c21 cm. |
||
| 650 | 0 |
_aIntegral equations _9152806 _vMathematics |
|
| 700 | 1 |
_aToeplitz, O. _9152807 |
|
| 942 |
_2ddc _cBK |
||
| 999 |
_c51082 _d51082 |
||